| 000 | 01403cam a2200289 4500 | ||
|---|---|---|---|
| 001 | J719 | ||
| 008 | 090401t1992 xxu||||| |||| 00| 0 eng d | ||
| 035 | _a(Sirsi) u76429 | ||
| 041 | _aeng | ||
| 050 | _a692.8 | ||
| 110 |
_aBritish Property Federation _91604 |
||
| 245 | _aForm of agreement for collateral warranty for use where a warranty is to be given to a purchaser or tenant of premises in a commercial and/or industrial development. | ||
| 260 |
_aLondon _bBritish Property Federation _c1992 |
||
| 300 | _a1 pad of forms | ||
| 350 | _a10 | ||
| 490 | _aCoWa/P&T | ||
| 520 | _aPrepared and approved for use by the BPF, Association of Consulting Engineers , Royal Incorporation of Architects in Scotland, Royal Institute of British Architects and the Royal Institution of Chartered Surveyors, after consultant with the Association of British Insurers. - Accompanied by 1 sheet of Additional Notes and two page RICS Guidance Notes for RICS Members on Collateral Warranties for Purchasers and Tenants CoWa/P&T. | ||
| 650 | _aBUILT ENVIRONMENT-BUILDING CONTRACT FORMS | ||
| 650 | _aBUILT ENVIRONMENT-BUILDING CONTRACT FORMS-CONSTRUCTION COLLATERAL WARRANTY FORMS | ||
| 650 | _aCONSULTANTS | ||
| 650 |
_aInsurance _96249 |
||
| 650 | _aLIABILITY | ||
| 650 | _aPROFESSIONAL INDEMNITY INSURANCE | ||
| 690 | _aBUILT ENVIRONMENT-BUILDING CONTRACT FORMS | ||
| 942 | _n0 | ||
| 948 | _c04/03/1997 | ||
| 999 |
_c96171 _d96171 |
||